| 000 | nam a22 7a 4500 | ||
|---|---|---|---|
| 999 |
_c126460 _d126460 |
||
| 008 | 170518b xxu||||| |||| 00| 0 eng d | ||
| 050 | _aBT109.A52 2011 | ||
| 100 |
_aAnatolios, Khaled _930864 |
||
| 245 |
_aRetrieving Nicaea: _bthe development and meaning of trinitarian doctrine _c/ by Khaled Anatolios |
||
| 260 |
_aGrand Rapids _bBaker Academic _c2011 |
||
| 300 |
_axviii, 322p. ; _c23cm. |
||
| 650 |
_aTrinity _xHistory of doctrines _xEarly church _yca. 30-600 _930865 |
||
| 650 |
_aDogma, development of. _930866 |
||
| 650 |
_aCouncil of Nicaca _y(1st : 325) _930867 |
||
| 650 |
_aCouncil of Constantinople _y(1st : 381) _930868 |
||
| 942 |
_2lcc _cMONOGRAPH |
||